Nezavršitelnost spravedlnosti /

Main Author: Janata, Michal, 1952-
Language: Czech
Published: Praha : Malvern :Slon, 2020
Edition: Vydání první
Subjects:
law
Online Access: Digitalizovaný dokument
Physical Description: 204 stran ; 21 cm
Book
Saved in:
LEADER 01920nam a2200529 i 4500
001 nkc20203259773
003 CZ PrNK
005 20210111085614.0
007 ta
008 201202s2020 xr f 001 0 cze
015 |a cnb003259773 
020 |a 978-80-7530-264-9  |q (Jakub Hlaváček - Malvern ;  |q brožováno) 
020 |a 978-80-7419-305-7  |q (SLON ;  |q brožováno) 
035 |a (OCoLC)1237097900 
040 |a ABA001  |b cze  |d OLA001  |e rda 
072 7 |a 34  |x Právo  |2 Konspekt  |9 16 
080 |a 340.114  |2 MRF 
080 |a 34  |2 MRF 
080 |a 340.12  |2 MRF 
080 |a (048.8)  |2 MRF 
100 1 |a Janata, Michal,  |d 1952-  |7 jn20000710060  |4 aut 
245 1 0 |a Nezavršitelnost spravedlnosti /  |c Michal Janata 
250 |a Vydání první 
264 1 |a Praha :  |b Malvern :  |b Slon,  |c 2020 
300 |a 204 stran ;  |c 21 cm 
336 |a text  |b txt  |2 rdacontent 
337 |a bez média  |b n  |2 rdamedia 
338 |a svazek  |b nc  |2 rdacarrier 
504 |a Obsahuje bibliografii, bibliografické odkazy a rejstříky 
650 0 7 |a spravedlnost  |7 ph125972  |2 czenas 
650 0 7 |a právo  |7 ph115914  |2 czenas 
650 0 7 |a teorie práva  |7 ph482835  |2 czenas 
650 0 7 |a právní filozofie  |7 ph115911  |2 czenas 
650 0 9 |a justice  |2 eczenas 
650 0 9 |a law  |2 eczenas 
650 0 9 |a theory of law  |2 eczenas 
650 0 9 |a philosophy of law  |2 eczenas 
655 7 |a monografie  |7 fd132842  |2 czenas 
655 9 |a monographs  |2 eczenas 
856 4 1 |u https://www.digitalniknihovna.cz/mzk/uuid/uuid:b12ba3e0-3e26-11ed-80d2-5ef3fc9bb22f  |y Digitalizovaný dokument  |x NDK 
910 2 |a BOA001  |b 2-1458.096 
928 9 |a Sociologické nakladatelství (SLON) 
990 |a BK 
995 |a 01 
991 |b 202101  |c NOV 
996 6 |b 2610847025  |c 2-1458.096  |l MZK  |r Sklad / do 1 hodiny  |n 0  |p p.v.  |w 001834986  |u 000010  |a 1  |e BOA001  |j MZK50  |s P 
996 7 |b 2610848777  |c 2-1458.096  |l Vol.výběr  |r VV 0p  |n 1  |p kup  |h 34 JAN  |w 001834986  |u 000020  |a 0  |e BOA001  |j MZK50  |s A